00381nam a22001457a 4500003000500000005001700005008004100022020001800063040000600081082001400087100002700101245007300128260002600201300000800227CEME20210628205235.0210223b xxu||||| |||| 00| 0 eng d a81-85063-89-3 c. a297 ABC'B aAhmed Bari Abdul Ghani aA-z steps to leadership from the quran ans words of the prophet pbuh aINDIAbGOODWORDc1997 a60P